Fr. Conceicao Rodrigues College of Engineering

The City of Yellow Devil (Record no. 21687)

MARC details
000 -LEADER
fixed length control field 00299nam a2200145Ia 4500
082 ## - DEWEY DECIMAL CLASSIFICATION NUMBER
Classification number 891.7
100 ## - MAIN ENTRY--PERSONAL NAME
Personal name Maxim/Gorky
245 ## - TITLE STATEMENT
Title The City of Yellow Devil
260 ## - PUBLICATION, DISTRIBUTION, ETC.
Name of publisher, distributor, etc. Progress Publishers
300 ## - PHYSICAL DESCRIPTION
Extent 138
546 ## - LANGUAGE NOTE
Language note ENGLISH
650 ## - SUBJECT ADDED ENTRY--TOPICAL TERM
Topical term or geographic name entry element General
654 ## - SUBJECT ADDED ENTRY--FACETED TOPICAL TERMS
Focus term Yellow Devil
942 ## - ADDED ENTRY ELEMENTS (KOHA)
Koha item type BOOK
Holdings
Withdrawn status Lost status Damaged status Not for loan Collection Home library Current library Date acquired Cost, normal purchase price Total Checkouts Full call number Barcode Date last seen Cost, replacement price Price effective from Koha item type
        AFT Fr. Agnel's C.Rodrigues College of Engineering Fr. Agnel's C.Rodrigues College of Engineering 17/03/2023 3.00   891.7 AFT1121 17/03/2023 3.00 17/03/2023 BOOK